[Event "Calvia Amateur op 21st"]
[Site "Calvia"]
[Date "2024.10.12"]
[Round "8"]
[White "Galiana Salom, Juan Ramon"]
[Black "Diez Fraile, Mariano"]
[Result "0-1"]
[WhiteElo "2155"]
[BlackElo "2063"]
[PlyCount "120"]
[EventDate "2024.10.05"]
[EventType "swiss"]
[EventRounds "9"]
[EventCountry "ESP"]
[SourceTitle "CB45_2024"]
[Source "ChessBase"]
[SourceDate "2024.11.06"]
[SourceVersion "1"]
[SourceVersionDate "2024.11.06"]
[SourceQuality "1"]

1. e4 e5 2. Bc4 Nf6 3. d3 Nc6 4. Nf3 Be7 5. Bb3 d6 6. c3 0-0 7. 0-0 Na5 8. Bc2 c5 9. a4 Qc7 10. Na3 a6 11. b4 Nc6 12. b5 Nd8 13. Rb1 axb5 14. Nxb5 Qb8 15. d4 Nc6 16. d5 Na5 17. Nd2 Bd7 18. f4 Ng4 19. Nf3 exf4 20. Bxf4 Bxb5 21. Rxb5 Nc4 22. Qc1 Bf6 23. h3 Nge5 24. Nd2 Nxd2 25. Bxd2 Nd7 26. Qb1 b6 27. e5 Bxe5 28. Bxh7+ Kh8 29. Bf5 Qc7 30. Qd1 Nf6 31. Bc2 Kg8 32. Bg5 Rfe8 33. Qf3 Kf8 34. Rfb1 Ra6 35. Qd3 Rea8 36. Qc4 Qb7 37. Rd1 Rb8 38. Qd3 Ra5 39. Rbb1 b5 40. axb5 Rxb5 41. Rxb5 Qxb5 42. Rb1 Qe8 43. Rf1 Qd8 44. g4 Qa5 45. Bd2 Qa2 46. g5 c4 47. Qf5 g6 48. Qf2 Qxc2 49. gxf6 Qd3 50. Bf4 Qxc3 51. Bxe5 Qxe5 52. Qh4 Qe3+ 53. Kh1 Kg8 54. Re1 Qd2 55. Qe4 c3 56. Rg1 Kh7 57. Rg2 Qd1+ 58. Kh2 Rb2 59. Rxb2 cxb2 60. Qe7 Qxd5 0-1

[Event "Calvia Amateur op 21st"]
[Site "Calvia"]
[Date "2024.10.09"]
[Round "5"]
[White "De Boer, Bas"]
[Black "Galiana Salom, Juan Ramon"]
[Result "0-1"]
[WhiteElo "2174"]
[BlackElo "2155"]
[PlyCount "82"]
[EventDate "2024.10.05"]
[EventType "swiss"]
[EventRounds "9"]
[EventCountry "ESP"]
[SourceTitle "CB45_2024"]
[Source "ChessBase"]
[SourceDate "2024.11.06"]
[SourceVersion "1"]
[SourceVersionDate "2024.11.06"]
[SourceQuality "1"]

1. d4 Nf6 2. c4 e6 3. Nf3 Bb4+ 4. Nbd2 b6 5. a3 Bxd2+ 6. Bxd2 Bb7 7. Bg5 d6 8. e3 Nbd7 9. Nd2 h6 10. Bh4 Qe7 11. f3 e5 12. d5 g5 13. Bf2 e4 14. Qc2 a5 15. 0-0-0 a4 16. Be2 Nc5 17. h4 0-0-0 18. Nf1 Kb8 19. Be1 Rdg8 20. hxg5 hxg5 21. Rxh8 Rxh8 22. Bc3 Rh1 23. Kb1 Bc8 24. Ka2 Rg1 25. g3 Rg2 26. f4 gxf4 27. exf4 Ng4 28. Re1 f5 29. Qd1 Nb3 30. Qb1 Nh2 31. Nxh2 Rxh2 32. Qd1 Ba6 33. Kb1 Qh7 34. Rg1 Kb7 35. Qf1 e3 36. Qd1 Qe7 37. Bd3 e2 38. Qc2 e1Q+ 39. Rxe1 Rxc2 40. Kxc2 Qf7 41. Re6 Qh7 0-1

[Event "Baleares-chT"]
[Site "Palma de Mallorca"]
[Date "2022.02.26"]
[Round "6.2"]
[White "Galiana Salom, Juan Ramon"]
[Black "Castell Cantero, Salvador"]
[Result "1/2-1/2"]
[WhiteElo "2163"]
[BlackElo "2247"]
[PlyCount "151"]
[EventDate "2022.01.22"]
[EventType "team-tourn"]
[EventRounds "7"]
[EventCountry "ESP"]
[SourceTitle "EXT 2023"]
[Source "ChessBase"]
[SourceDate "2022.10.05"]
[SourceVersion "1"]
[SourceVersionDate "2022.10.05"]
[SourceQuality "1"]
[WhiteTeam "Son Dameto"]
[BlackTeam "Agora Megaescacs"]
[WhiteTeamCountry "ESP"]
[BlackTeamCountry "ESP"]

1. e4 c5 2. Nf3 Nc6 3. Nc3 e5 4. Bc4 Be7 5. Nd5 Nf6 6. d3 d6 7. a3 h6 8. c3 Be6 9. b4 0-0 10. Rb1 b6 11. 0-0 Rc8 12. Rb2 Nh7 13. Ba6 Rb8 14. Qa4 Bd7 15. Bb5 Rc8 16. Re2 Nf6 17. Bb2 Nxd5 18. exd5 Nb8 19. bxc5 Rxc5 20. Bxd7 Nxd7 21. c4 f5 22. Bc3 Rc7 23. Qd1 Qc8 24. Bb4 Rd8 25. Nd4 exd4 26. Rxe7 Ne5 27. Bxd6 Rxe7 28. Bxe7 Re8 29. d6 Qd7 30. Qb3 Kh7 31. Re1 Nc6 32. Kf1 Nxe7 33. dxe7 Rxe7 34. Rxe7 Qxe7 35. Qb5 Qg5 36. g3 Qg4 37. Kg2 Qg6 38. Qe5 Qc6+ 39. Kg1 Qc5 40. Qe6 Qxa3 41. Qxf5+ Kg8 42. Qd5+ Kh7 43. Qxd4 Qb4 44. Qe4+ Kh8 45. Qa8+ Kh7 46. Qxa7 Qb1+ 47. Kg2 Qxd3 48. Qa2 Qe4+ 49. f3 Qd3 50. h4 h5 51. Qb2 Qxc4 52. Qxb6 Qe2+ 53. Qf2 Qd1 54. Qe3 Qc2+ 55. Kh3 Qd1 56. g4 Qd7 57. Qe4+ g6 58. Kg3 hxg4 59. fxg4 Qc7+ 60. Qf4 Qc3+ 61. Qf3 Qe5+ 62. Kh3 Qe6 63. Qc3 Qe4 64. Kg3 Qe6 65. Qc7+ Kg8 66. Qd8+ Kh7 67. Kf4 Qc4+ 68. Kg5 Qc1+ 69. Kf6 Qf4+ 70. Ke6 Qxg4+ 71. Kf7 Qf4+ 72. Qf6 Qxf6+ 73. Kxf6 Kh6 74. Kf7 Kh5 75. Kg7 Kxh4 76. Kxg6 1/2-1/2

[Event "Baleares-chT"]
[Site "Palma de Mallorca"]
[Date "2022.01.29"]
[Round "2.1"]
[White "Galiana Salom, Juan Ramon"]
[Black "Martinez Penalver, Jose"]
[Result "0-1"]
[WhiteElo "2163"]
[BlackElo "2187"]
[PlyCount "128"]
[EventDate "2022.01.22"]
[EventType "team-tourn"]
[EventRounds "7"]
[EventCountry "ESP"]
[SourceTitle "EXT 2023"]
[Source "ChessBase"]
[SourceDate "2022.10.05"]
[SourceVersion "1"]
[SourceVersionDate "2022.10.05"]
[SourceQuality "1"]
[WhiteTeam "Son Dameto"]
[BlackTeam "Cercle Artistic de Ciutadella"]
[WhiteTeamCountry "ESP"]
[BlackTeamCountry "ESP"]

1. e4 c5 2. Nf3 d6 3. d4 cxd4 4. Nxd4 Nf6 5. Nc3 a6 6. Bg5 e6 7. f4 Be7 8. Qe2 h6 9. Bh4 Nc6 10. 0-0-0 Qc7 11. g4 Nxd4 12. Rxd4 g5 13. fxg5 Nd7 14. Bg3 hxg5 15. Bg2 Ne5 16. Rhd1 b6 17. h3 Bb7 18. Qd2 0-0-0 19. Qf2 Kb8 20. Bf1 b5 21. a4 b4 22. Rxb4 d5 23. Rxb7+ Kxb7 24. exd5 Bd6 25. Qe2 Nd3+ 26. Qxd3 Bxg3 27. Qxa6+ Kb8 28. Bg2 Rd6 29. Qe2 Rb6 30. Nb5 Qf4+ 31. Kb1 Qxa4 32. Qd3 Rxb5 33. Qxg3+ Qf4 34. Qe1 Ka7 35. Qg1+ Kb8 36. dxe6 Qe5 37. b3 fxe6 38. Rd4 Rc8 39. Ra4 Rcc5 40. Qd1 Kc7 41. Ra7+ Kb6 42. Rb7+ Ka6 43. Rxb5 Kxb5 44. Qd7+ Kb4 45. Qd2+ Qc3 46. Qd1 Re5 47. Qd6+ Qc5 48. Qd2+ Qc3 49. Qd6+ Rc5 50. Qb6+ Ka3 51. Qa7+ Qa5 52. Qxa5+ Rxa5 53. Kc1 Kb4 54. Kd2 Ra1 55. Ke3 Kc3 56. Be4 Re1+ 57. Kf3 Kd4 58. Bg6 e5 59. b4 e4+ 60. Kf2 Rc1 61. b5 Rxc2+ 62. Kg3 Rb2 63. h4 Rb3+ 64. Kg2 gxh4 0-1

[Event "Titled Tuesday intern op 11th Jan"]
[Site "Chess.com INT"]
[Date "2022.01.11"]
[Round "2"]
[White "Jeet, Jain"]
[Black "Galiana Salom, Juan Ramon"]
[Result "1-0"]
[WhiteElo "2279"]
[BlackElo "2163"]
[PlyCount "89"]
[EventDate "2022.01.11"]
[EventType "swiss (blitz)"]
[EventRounds "11"]
[EventCountry "USA"]
[SourceTitle "CBM 206 Extra"]
[Source "ChessBase"]
[SourceDate "2022.03.31"]
[SourceVersion "1"]
[SourceVersionDate "2022.03.31"]
[SourceQuality "1"]

1. e4 e6 2. d4 d5 3. Nc3 Nf6 4. e5 Nfd7 5. f4 c5 6. Nce2 c4 7. Nf3 b5 8. c3 a5 9. g3 Qb6 10. Bh3 b4 11. f5 a4 12. fxe6 fxe6 13. Nf4 a3 14. Bxe6 Bb7 15. Bxd5 axb2 16. Bxb2 bxc3 17. Bxc3 Bb4 18. Qd2 Bxc3 19. Qxc3 Bxd5 20. Nxd5 Qc6 21. Nf4 Qe4+ 22. Kf2 0-0 23. Qxc4+ Kh8 24. Rhe1 Qb7 25. Rab1 Qa7 26. Rb2 Qa3 27. Rbe2 Ra4 28. Qe6 Ra6 29. Qc4 Ra4 30. Qd5 Ra5 31. Qe4 Qe7 32. Kg2 Na6 33. h4 Nb4 34. Ng5 g6 35. Nge6 Rf5 36. g4 Rf7 37. Ng5 Rg7 38. d5 Nxa2 39. d6 Qe8 40. e6 Nf6 41. d7 Qg8 42. Nf7+ Rxf7 43. exf7 Qxf7 44. d8Q+ Kg7 45. Ne6+ 1-0

[Event "Mallorca-chT Preferente"]
[Site "Mallorca"]
[Date "2021.04.24"]
[Round "7"]
[White "Vich Ramirez, Carles"]
[Black "Galiana Salom, Juan Ramon"]
[Result "1/2-1/2"]
[WhiteElo "2083"]
[BlackElo "2191"]
[PlyCount "120"]
[EventDate "2021.03.06"]
[EventType "team-swiss"]
[EventRounds "7"]
[EventCountry "ESP"]
[SourceTitle "EXT 2023"]
[Source "ChessBase"]
[SourceDate "2022.10.05"]
[SourceVersion "1"]
[SourceVersionDate "2022.10.05"]
[SourceQuality "1"]
[WhiteTeam "Balanguera"]
[BlackTeam "Son Dameto"]
[WhiteTeamCountry "ESP"]
[BlackTeamCountry "ESP"]

1. e4 e6 2. d3 d5 3. Nd2 c5 4. Ngf3 Bd6 5. g3 Nc6 6. Bg2 Nge7 7. 0-0 0-0 8. Re1 Bc7 9. c3 a5 10. h4 b6 11. e5 Ba6 12. Nf1 Rc8 13. N1h2 Qd7 14. h5 h6 15. Bf4 f5 16. exf6 Rxf6 17. Bxc7 Rxc7 18. Ng4 Rf8 19. Nge5 Qe8 20. Nxc6 Nxc6 21. Ne5 Nxe5 22. Rxe5 Qf7 23. Qd2 Rc6 24. Rae1 Bc8 25. Qe2 Rd6 26. f4 Kh8 27. Bh3 b5 28. Kg2 d4 29. Rxc5 dxc3 30. bxc3 b4 31. cxb4 axb4 32. Re5 Ba6 33. Bxe6 Qb7+ 34. Qe4 Rxd3 35. Bc4 Rd2+ 36. Kg1 Qc8 37. Be6 Qc3 38. Qe3 Rd3 39. Qc5 Bb7 40. Kh2 Rd2+ 41. Kh3 Bg2+ 42. Kh4 Qxc5 43. Rxc5 Bf3 44. g4 Rd4 45. Kg3 Rd3 46. Kf2 Bb7 47. Bf5 Rf3+ 48. Kg1 Rxf4 49. Rce5 Bc6 50. Re7 Rf3 51. Rc7 Rg3+ 52. Kh2 Rc3 53. Ree7 Bd5 54. Rxg7 Rxc7 55. Rxc7 Bxa2 56. Rb7 b3 57. Kg3 Rd8 58. Kf4 Rd2 59. Ke5 b2 60. Kf6 Rd6+ 1/2-1/2

[Event "Mallorca-chT Preferente"]
[Site "Mallorca"]
[Date "2021.03.20"]
[Round "3"]
[White "Estremera Panos, Sergio"]
[Black "Galiana Salom, Juan Ramon"]
[Result "1-0"]
[WhiteElo "2306"]
[BlackElo "2191"]
[PlyCount "82"]
[EventDate "2021.03.06"]
[EventType "team-swiss"]
[EventRounds "7"]
[EventCountry "ESP"]
[SourceTitle "EXT 2023"]
[Source "ChessBase"]
[SourceDate "2022.10.05"]
[SourceVersion "1"]
[SourceVersionDate "2022.10.05"]
[SourceQuality "1"]
[WhiteTeam "Mallorca Isolani"]
[BlackTeam "Son Dameto"]
[WhiteTeamCountry "ESP"]
[BlackTeamCountry "ESP"]

1. c4 Nf6 2. Nc3 e5 3. Nf3 Nc6 4. d3 d5 5. cxd5 Nxd5 6. e4 Nf6 7. Be2 Be7 8. h3 h6 9. Be3 Be6 10. a3 0-0 11. b4 a5 12. b5 Nd4 13. 0-0 a4 14. Nxe5 Bb3 15. Qd2 Nc2 16. Rfc1 Nxa1 17. Rxa1 Nd7 18. Nf3 Re8 19. Qb2 Bf8 20. d4 Nf6 21. Nd2 Qe7 22. Bf3 c6 23. Nxb3 axb3 24. e5 Nd5 25. Nxd5 cxd5 26. Qxb3 Rxa3 27. Rxa3 Qxa3 28. Qxd5 b6 29. Qb7 Qa5 30. Bc6 Re7 31. Qc8 Qc3 32. Qb8 Qa5 33. g3 Re6 34. Kh2 Re7 35. d5 Qb4 36. d6 Rxe5 37. d7 Rxe3 38. d8Q Re2 39. Qbxb6 Rd2 40. Qe8 g6 41. Qa7 Qb3 1-0

[Event "Calvia Amateur op 17th"]
[Site "Calvia"]
[Date "2020.10.18"]
[Round "9"]
[White "Hurtado Oldridge, Felipe"]
[Black "Galiana Salom, Juan Ramon"]
[Result "0-1"]
[WhiteElo "1924"]
[BlackElo "2248"]
[PlyCount "74"]
[EventDate "2020.10.10"]
[EventType "swiss"]
[EventRounds "9"]
[EventCountry "ESP"]
[SourceTitle "CBM 198 Extra"]
[Source "ChessBase"]
[SourceDate "2020.11.30"]
[SourceVersion "1"]
[SourceVersionDate "2020.11.30"]
[SourceQuality "1"]

1. d4 f5 2. Bg5 c6 3. c4 g6 4. Nc3 Bg7 5. e3 Nh6 6. h4 Nf7 7. Nf3 d6 8. Qd2 h6 9. Bf4 e5 10. dxe5 dxe5 11. Qxd8+ Kxd8 12. Bh2 Ke7 13. e4 f4 14. Nd2 Bf6 15. Bg1 Be6 16. f3 Nd7 17. c5 b5 18. cxb6 axb6 19. Bc4 Nd6 20. Bxe6 Kxe6 21. 0-0-0 b5 22. b4 Be7 23. Kb2 Rhb8 24. a3 Bd8 25. g3 Nb6 26. Bxb6 Bxb6 27. gxf4 exf4 28. e5 Nf5 29. Nde4 Rd8 30. Nc5+ Bxc5 31. bxc5 Rxd1 32. Rxd1 Kxe5 33. h5 gxh5 34. Ne4 Ne3 35. Rh1 Nc4+ 36. Kc1 Rxa3 37. Rxh5+ Kd4 0-1

[Event "Calvia Amateur op 17th"]
[Site "Calvia"]
[Date "2020.10.14"]
[Round "5"]
[White "Galiana Salom, Juan Ramon"]
[Black "Abadia Pascual, Luis"]
[Result "1-0"]
[WhiteElo "2248"]
[BlackElo "1842"]
[PlyCount "43"]
[EventDate "2020.10.10"]
[EventType "swiss"]
[EventRounds "9"]
[EventCountry "ESP"]
[SourceTitle "CBM 198 Extra"]
[Source "ChessBase"]
[SourceDate "2020.11.30"]
[SourceVersion "1"]
[SourceVersionDate "2020.11.30"]
[SourceQuality "1"]

1. e4 c5 2. Nf3 Nc6 3. d4 cxd4 4. Nxd4 g6 5. Nc3 Bg7 6. Nb3 Bxc3+ 7. bxc3 Nf6 8. Bd3 d5 9. exd5 Qxd5 10. 0-0 0-0 11. c4 Qh5 12. f3 Rd8 13. Bb2 Be6 14. Qe2 Rac8 15. Rae1 a5 16. a4 Nb4 17. Kh1 Nxd3 18. cxd3 b6 19. Qe3 Rc6 20. Ba3 Bxc4 21. dxc4 Re6 22. Qc3 1-0

[Event "Calvia Amateur op 17th"]
[Site "Calvia"]
[Date "2020.10.13"]
[Round "4"]
[White "Aguado Doncel, Pablo Luis"]
[Black "Galiana Salom, Juan Ramon"]
[Result "1-0"]
[WhiteElo "2072"]
[BlackElo "2248"]
[PlyCount "157"]
[EventDate "2020.10.10"]
[EventType "swiss"]
[EventRounds "9"]
[EventCountry "ESP"]
[SourceTitle "CBM 198 Extra"]
[Source "ChessBase"]
[SourceDate "2020.11.30"]
[SourceVersion "1"]
[SourceVersionDate "2020.11.30"]
[SourceQuality "1"]

1. d4 Nf6 2. c4 c5 3. d5 b5 4. cxb5 a6 5. e3 axb5 6. Bxb5 Bb7 7. Nc3 Qa5 8. Bd2 Qb6 9. Nf3 Nxd5 10. a4 Nb4 11. 0-0 e6 12. e4 Be7 13. Bf4 N8c6 14. Bd6 Nd4 15. Bxe7 Kxe7 16. Nxd4 cxd4 17. Ne2 Bxe4 18. Nxd4 Rhd8 19. Re1 Bg6 20. Rc1 Kf8 21. Qe2 Nd3 22. Bxd3 Qxd4 23. Red1 Rxa4 24. Qc2 Qa7 25. Bxg6 hxg6 26. Rd3 Ra1 27. g3 Rxc1+ 28. Qxc1 f6 29. Rc3 Kf7 30. h4 Qb6 31. Rc7 Ke7 32. Qc3 Rb8 33. Qa3+ Qd6 34. Qc3 Rb5 35. Rc8 Rd5 36. Rg8 Rd1+ 37. Kh2 Rd4 38. Rxg7+ Kf8 39. Rh7 Kg8 40. Rh6 e5 41. Qc8+ Kf7 42. Rh7+ Ke6 43. Qe8+ Kf5 44. Rg7 Rg4 45. Rxd7 Qc6 46. Qd8 Qc5 47. Rd2 Rd4 48. Rxd4 Qxd4 49. Qc8+ Ke4 50. Qg4+ Kd5 51. Qd7+ Ke4 52. Qc6+ Kf5 53. Qc2+ Ke6 54. Kg2 e4 55. Qc8+ Ke7 56. Qc3 Qd1 57. Kh2 Ke6 58. b4 Qf1 59. Qc5 g5 60. hxg5 fxg5 61. Qe3 Kf5 62. Qc5+ Kg6 63. b5 e3 64. Qc6+ Kg7 65. Qc3+ Kg6 66. Qc2+ Kg7 67. Qb2+ Kg6 68. fxe3 Qf3 69. b6 Qh5+ 70. Kg2 g4 71. Qc2+ Kf7 72. Qc4+ Ke7 73. Qc7+ Ke6 74. Qc6+ Ke7 75. b7 Qh3+ 76. Kf2 Qh2+ 77. Qg2 Qh8 78. Qe4+ Kf7 79. Qf4+ 1-0

[Event "Leon blitz op 33rd"]
[Site "Chess.com INT"]
[Date "2020.07.14"]
[Round "1"]
[White "Galiana Salom, Juan Ramon"]
[Black "Ermakov, Evgeny"]
[Result "0-1"]
[WhiteElo "2248"]
[BlackElo "2513"]
[PlyCount "106"]
[EventDate "2020.07.14"]
[EventType "swiss (blitz)"]
[EventRounds "10"]
[EventCountry "ESP"]
[SourceTitle "CBM 197 Extra"]
[Source "ChessBase"]
[SourceDate "2020.09.30"]
[SourceVersion "1"]
[SourceVersionDate "2020.09.30"]
[SourceQuality "1"]

1. e4 e5 2. Nf3 Nc6 3. Bb5 Nf6 4. Qe2 Bc5 5. c3 0-0 6. 0-0 d6 7. Rd1 a6 8. Ba4 b5 9. Bb3 Bb7 10. d4 Bb6 11. Bg5 h6 12. Bh4 g5 13. dxe5 Nxe5 14. Nxe5 gxh4 15. Ng4 Nxe4 16. Nxh6+ Kg7 17. Nf5+ Kg8 18. Nh6+ Kh7 19. Qh5 Qg5 20. Qxg5 Nxg5 21. Nf5 Ne4 22. Bc2 Nxf2 23. Nd4+ Ne4 24. Nd2 d5 25. Rf1 f5 26. N2f3 f4 27. Kh1 h3 28. Ng5+ Kg8 29. Nxh3 Rae8 30. Rxf4 Rxf4 31. Nxf4 c5 32. Nf3 b4 33. cxb4 cxb4 34. h3 Bc7 35. Nh5 Nf2+ 36. Kg1 Re2 37. Nd4 Rd2 38. Nf6+ Kf7 39. Nh7 Rxd4 40. Rf1 Bg3 41. Ng5+ Ke7 42. Nf3 Re4 43. Bxe4 Nxe4 44. Nd4 Be5 45. Nf5+ Ke6 46. g4 Bxb2 47. h4 d4 48. h5 d3 49. Rd1 d2 50. h6 Bd5 51. Ne3 Bd4 52. Kg2 Bxe3 53. h7 Bd4 0-1

[Event "Leon blitz op 33rd"]
[Site "Chess.com INT"]
[Date "2020.07.14"]
[Round "2"]
[White "Pon, Matt"]
[Black "Galiana Salom, Juan Ramon"]
[Result "1-0"]
[WhiteElo "2185"]
[BlackElo "2248"]
[PlyCount "91"]
[EventDate "2020.07.14"]
[EventType "swiss (blitz)"]
[EventRounds "10"]
[EventCountry "ESP"]
[SourceTitle "CBM 197 Extra"]
[Source "ChessBase"]
[SourceDate "2020.09.30"]
[SourceVersion "1"]
[SourceVersionDate "2020.09.30"]
[SourceQuality "1"]

1. e4 e6 2. d3 d5 3. Nd2 c5 4. Ngf3 Bd6 5. g3 Nc6 6. Bg2 Nge7 7. 0-0 0-0 8. Nh4 f5 9. f4 dxe4 10. dxe4 Bc7 11. c3 b6 12. Qe2 a5 13. Rd1 Ba6 14. Qe1 Qc8 15. Nhf3 Ra7 16. Bf1 Bxf1 17. Nxf1 Bb8 18. Be3 Rd7 19. Rxd7 Qxd7 20. Rd1 Qc8 21. Bf2 h6 22. Qe2 Rd8 23. Rxd8+ Qxd8 24. exf5 exf5 25. Qe6+ Kh7 26. Ne3 Qd3 27. Nh4 Qe4 28. Qf7 Qb1+ 29. Kg2 Qe4+ 30. Kh3 Nd8 31. Qe8 Ndc6 32. Nhxf5 Qf3 33. Nxe7 Nxe7 34. Qxe7 Qxf2 35. Qe4+ Kh8 36. Qe8+ Kh7 37. Nf5 Qf1+ 38. Kh4 Qf2 39. h3 Bxf4 40. Qe4 Bg5+ 41. Kg4 Kh8 42. h4 Bf6 43. Kh5 Qxb2 44. Kg6 Qxa2 45. Nxh6 Qb3 46. Qe8+ 1-0

[Event "Mallorca-chT Preferente"]
[Site "Palma de Mallorca"]
[Date "2020.02.29"]
[Round "5.1"]
[White "Galiana Salom, Juan Ramon"]
[Black "Moreno Garcia, Alfonso"]
[Result "1-0"]
[WhiteElo "2214"]
[BlackElo "1996"]
[PlyCount "93"]
[EventDate "2020.02.01"]
[EventType "team-tourn"]
[EventRounds "9"]
[EventCountry "ESP"]
[SourceTitle "CBM 195 Extra"]
[Source "ChessBase"]
[SourceDate "2020.05.31"]
[SourceVersion "1"]
[SourceVersionDate "2020.05.31"]
[SourceQuality "1"]
[WhiteTeam "Son Dameto"]
[BlackTeam "Tropic"]
[WhiteTeamCountry "ESP"]
[BlackTeamCountry "ESP"]

1. e4 c5 2. Nf3 e6 3. d4 cxd4 4. Nxd4 Nf6 5. Nc3 a6 6. Bd3 Qc7 7. Qe2 Nc6 8. Nxc6 bxc6 9. e5 Nd5 10. Nxd5 cxd5 11. 0-0 Be7 12. f4 g6 13. Kh1 Bb7 14. Be3 0-0 15. Qf2 Rac8 16. c3 d6 17. Qg3 Kh8 18. Qh3 dxe5 19. fxe5 Bc5 20. Bh6 Qxe5 21. Rae1 Qd6 22. Qh4 f5 23. Bf4 Qd7 24. Rf3 Rce8 25. Be5+ Kg8 26. Rg3 Qf7 27. Qf4 Be7 28. Rge3 Bf6 29. Bd6 Bc8 30. Bc2 Bd7 31. Bb3 g5 32. Qb4 f4 33. Rd3 Bb5 34. Rf3 Bc6 35. Qc5 Bb7 36. Bxf8 Rxf8 37. Qd6 e5 38. Rxe5 Bxe5 39. Qxe5 h6 40. h3 Qf6 41. Bxd5+ Bxd5 42. Qxd5+ Kh7 43. b4 h5 44. h4 gxh4 45. Qxh5+ Kg7 46. Qg4+ Kh6 47. Rh3 1-0

[Event "Llucmajor op 8th"]
[Site "Llucmajor"]
[Date "2019.05.19"]
[Round "2"]
[White "Galiana Salom, Juan Ramon"]
[Black "Rasmussen, Allan Stig"]
[Result "0-1"]
[WhiteElo "2267"]
[BlackElo "2552"]
[PlyCount "92"]
[EventDate "2019.05.19"]
[EventType "swiss"]
[EventRounds "9"]
[EventCountry "ESP"]
[SourceTitle "CBM 190 Extra"]
[Source "ChessBase"]
[SourceDate "2019.07.15"]
[SourceVersion "1"]
[SourceVersionDate "2019.07.15"]
[SourceQuality "1"]

1. e4 e5 2. Nf3 Nc6 3. Bb5 a6 4. Ba4 Nge7 5. d3 g6 6. Bg5 Bg7 7. Nc3 h6 8. Bh4 g5 9. Bg3 d6 10. Nd2 Ng6 11. Nd5 b5 12. Bb3 Nd4 13. Ne3 c6 14. c3 Nxb3 15. axb3 Qf6 16. h3 Nf4 17. Nf3 0-0 18. Nh2 d5 19. 0-0 Rd8 20. exd5 cxd5 21. Re1 Qg6 22. Bxf4 gxf4 23. Neg4 e4 24. dxe4 h5 25. exd5 hxg4 26. hxg4 Be6 27. Qf3 Bxd5 28. Qxf4 Bxb3 29. Nf3 Qf6 30. Qg3 Rd3 31. g5 Qf5 32. Qh4 Bd5 33. Nh2 Be6 34. Re2 Rad8 35. Nf3 Rd1+ 36. Re1 Rxe1+ 37. Rxe1 Qg4 38. Qh2 Bd5 39. Rd1 Qa4 40. Re1 Bxf3 41. gxf3 Rd1 42. Qb8+ Bf8 43. Rxd1 Qxd1+ 44. Kg2 Qd5 45. Qg3 Kg7 46. Kh3 Kg6 0-1

[Event "Calvia Amateur op 15th"]
[Site "Calvia"]
[Date "2018.10.14"]
[Round "9"]
[White "Gromovs, Sergejs"]
[Black "Galiana Salom, Juan Ramon"]
[Result "1-0"]
[WhiteElo "2135"]
[BlackElo "2260"]
[PlyCount "47"]
[EventDate "2018.10.06"]
[EventType "swiss"]
[EventRounds "9"]
[EventCountry "ESP"]
[SourceTitle "CBM 186 Extra"]
[Source "ChessBase"]
[SourceDate "2018.08.24"]
[SourceVersion "1"]
[SourceVersionDate "2018.08.24"]
[SourceQuality "1"]

1. d4 Nf6 2. Nf3 c5 3. d5 b5 4. Bg5 Qa5+ 5. c3 Bb7 6. Bxf6 gxf6 7. e4 d6 8. Nbd2 Qb6 9. a4 a6 10. axb5 axb5 11. Rxa8 Bxa8 12. Qb3 Bb7 13. Bxb5+ Kd8 14. Nc4 Qa7 15. 0-0 Kc7 16. Be8 f5 17. Bxf7 fxe4 18. Ng5 Nd7 19. Ne6+ Kc8 20. Be8 Ne5 21. Nxe5 dxe5 22. c4 Bh6 23. Qb5 Qa6 24. Qd7+ 1-0

[Event "Llucmajor op 7th"]
[Site "Llucmajor"]
[Date "2018.05.18"]
[Round "7"]
[White "Alonso Bouza, Julio Javier"]
[Black "Galiana Salom, Juan Ramon"]
[Result "1/2-1/2"]
[WhiteElo "2408"]
[BlackElo "2284"]
[PlyCount "201"]
[EventDate "2018.05.13"]
[EventType "swiss"]
[EventRounds "9"]
[EventCountry "ESP"]
[SourceTitle "CBM 184 Extra"]
[Source "ChessBase"]
[SourceDate "2018.06.28"]
[SourceVersion "1"]
[SourceVersionDate "2018.06.28"]
[SourceQuality "1"]

1. e4 e6 2. d4 d5 3. Nd2 Nf6 4. e5 Nfd7 5. Bd3 c5 6. c3 Nc6 7. Ne2 cxd4 8. cxd4 f6 9. exf6 Nxf6 10. Nf3 Bd6 11. 0-0 Qc7 12. h3 0-0 13. Be3 Bd7 14. Re1 Rae8 15. Rc1 Re7 16. Nc3 a6 17. Ne5 Be8 18. f4 Nh5 19. Ne2 Qb6 20. Qd2 g6 21. a3 Bb8 22. Bb1 Ba7 23. Kh2 Nxe5 24. fxe5 Ref7 25. Rc8 Bb5 26. Rxf8+ Rxf8 27. g4 Ng7 28. Ng1 Bc4 29. Rc1 Qd8 30. Kg3 Bb6 31. Bg5 Qd7 32. Bf6 Ne8 33. g5 Ng7 34. Nf3 Nh5+ 35. Kg2 Qb5 36. Nh2 Kf7 37. Ng4 Ke8 38. Kf3 Kd7 39. Ne3 Bb3 40. Rc3 Rc8 41. Rxc8 Kxc8 42. Qc3+ Kd7 43. Bd3 Qa4 44. Nc2 a5 45. Ke3 Bxc2 46. Bxc2 Bxd4+ 47. Qxd4 Qxc2 48. Qb6 Qc1+ 49. Ke2 Nf4+ 50. Kf3 Qf1+ 51. Kg4 Qxh3+ 52. Kxf4 Qh2+ 53. Kf3 Qh1+ 54. Ke2 Qg2+ 55. Kd1 Qf1+ 56. Kd2 Qg2+ 57. Kd1 Qf1+ 58. Kd2 Qg2+ 59. Kc3 Qf3+ 60. Kc2 Qe2+ 61. Kc3 Qc4+ 62. Kd2 Qf4+ 63. Qe3 Qc4 64. Qd3 Qf4+ 65. Qe3 Qc4 66. Qc3 Qf4+ 67. Kc2 Qe4+ 68. Qd3 Qa4+ 69. Qb3 Qe4+ 70. Qd3 Qa4+ 71. Kb1 b5 72. Ka2 Qc4+ 73. Qxc4 bxc4 74. Kb1 a4 75. Kc2 d4 76. Bg7 Ke7 77. Kd2 Kf7 78. Bf6 Ke8 79. Ke2 Kd7 80. Kf3 Ke8 81. Ke4 d3 82. Ke3 Kd7 83. Kd2 Ke8 84. Kc3 Kd7 85. Bg7 Ke7 86. Bh8 Ke8 87. Bf6 Kd7 88. Bg7 Ke7 89. Bh6 Kf7 90. Kd2 Kg8 91. Kd1 Kf7 92. Kc1 Kg8 93. Kd2 Kf7 94. Kc3 Kg8 95. b4 cxb3 96. Kxd3 Kf7 97. Kc3 Kg8 98. Kb2 Kf7 99. Kc3 Kg8 100. Kb2 Kf7 101. Kb1 1/2-1/2

[Event "Calvia Amateur op 14th"]
[Site "Calvia"]
[Date "2017.10.15"]
[Round "9"]
[White "Levay, Sorin"]
[Black "Galiana Salom, Juan Ramon"]
[Result "1/2-1/2"]
[WhiteElo "2141"]
[BlackElo "2271"]
[PlyCount "51"]
[EventDate "2017.10.07"]
[EventType "swiss"]
[EventRounds "9"]
[EventCountry "ESP"]
[SourceTitle "EXT 2019"]
[Source "ChessBase"]
[SourceDate "2018.10.10"]
[SourceVersion "1"]
[SourceVersionDate "2018.10.10"]
[SourceQuality "1"]

1. e4 e6 2. d3 d5 3. Qe2 Nc6 4. Nf3 d4 5. g3 e5 6. Bg2 Be7 7. Nbd2 Bg4 8. h3 Be6 9. a3 a5 10. 0-0 a4 11. Kh2 h5 12. c3 Ra6 13. cxd4 Nxd4 14. Nxd4 Qxd4 15. Nf3 Qc5 16. Be3 Qb5 17. Rac1 Bd6 18. Qd2 Ne7 19. d4 f6 20. Rfd1 Qa5 21. dxe5 Qxd2 22. Rxd2 fxe5 23. Ng5 Bd7 24. Bf1 Ra5 25. Bc4 Rf8 26. Kg2 1/2-1/2

[Event "Calvia Amateur op 14th"]
[Site "Calvia"]
[Date "2017.10.14"]
[Round "8"]
[White "Galiana Salom, Juan Ramon"]
[Black "Mercant Simo, Jaime"]
[Result "1-0"]
[WhiteElo "2271"]
[BlackElo "2067"]
[PlyCount "71"]
[EventDate "2017.10.07"]
[EventType "swiss"]
[EventRounds "9"]
[EventCountry "ESP"]
[SourceTitle "EXT 2019"]
[Source "ChessBase"]
[SourceDate "2018.10.10"]
[SourceVersion "1"]
[SourceVersionDate "2018.10.10"]
[SourceQuality "1"]

1. e4 c5 2. Nf3 d6 3. Nc3 a6 4. d4 cxd4 5. Nxd4 Nf6 6. Nb3 e5 7. Be2 Be6 8. f4 exf4 9. Bxf4 Nc6 10. Nd4 Nxd4 11. Qxd4 Qa5 12. a3 Rc8 13. 0-0 Qc5 14. Be3 d5 15. Qd2 Qa5 16. Rxf6 gxf6 17. exd5 Rd8 18. Bf3 Bb4 19. Qf2 Bxc3 20. dxe6 Bxb2 21. exf7+ Kxf7 22. Rb1 Qe5 23. c3 Rhe8 24. Bf4 Qf5 25. Rxb2 b5 26. Be3 Re7 27. Bd4 Rde8 28. g3 Re1+ 29. Kg2 R8e6 30. Bb7 Qh5 31. Bf3 Qf5 32. Rd2 Ra1 33. Bc5 Re5 34. Bd6 Ree1 35. Bd5+ Kg6 36. Bf7+ 1-0